| 000 | 00836nam a2200193 a 4500 | ||
|---|---|---|---|
| 003 | 0 | ||
| 005 | 20250317082559.0 | ||
| 008 | 080924s19uu xx 00 eng d | ||
| 050 |
_aPHS BF 576 _b.C63 2008 |
||
| 100 | _aCompuesto, Francesca Marie Dazon. | ||
| 245 |
_aA comparative study between the emotional intelligence quotient of senior students whose parents are overseas workers and whose parents are non-overseas workers / _cFrancesca Marie Dazon Compuesto. |
||
| 260 |
_aLas PiƱas City, Philippines : _bSouthville International School and Colleges, _c2008. |
||
| 300 |
_a40 pages : _billustrations ; _c28 cm. |
||
| 504 | _aIncludes bibliographical references. | ||
| 650 | _aEmotional intelligence. | ||
| 650 | _aChildren of overseas Filipino workers. | ||
| 650 |
_aParent and child _xPsychological aspects. |
||
| 942 |
_2lcc _cPASS |
||
| 999 |
_c98093 _d98093 |
||